English house condition survey 2001 (Record no. 103251)

MARC details
000 -LEADER
fixed length control field 01059cam a2200265 4500
008 - FIXED-LENGTH DATA ELEMENTS--GENERAL INFORMATION
fixed length control field 031209n2003 000 0 eng u
020 ## - INTERNATIONAL STANDARD BOOK NUMBER
International Standard Book Number 1851126864
035 ## - SYSTEM CONTROL NUMBER
System control number (Sirsi) u124580
041 ## - LANGUAGE CODE
Language code of text/sound track or separate title eng
050 ## - LIBRARY OF CONGRESS CALL NUMBER
Classification number 306.1
-- 18
110 ## - MAIN ENTRY--CORPORATE NAME
Corporate name or jurisdiction name as entry element United Kingdom
Subordinate unit Office of the Deputy Prime Minister
245 ## - TITLE STATEMENT
Title English house condition survey 2001
Statement of responsibility, etc. private landlords survey
260 ## - PUBLICATION, DISTRIBUTION, ETC.
Place of publication, distribution, etc. Norwich
Name of publisher, distributor, etc. HMSO
Date of publication, distribution, etc. 2003
300 ## - PHYSICAL DESCRIPTION
Extent iv, 60p.
Dimensions 30cm.
350 ## - PRICE (NR) (BK AM CF MU VM SE) [OBSOLETE]
Price 28
520 ## - SUMMARY, ETC.
Summary, etc. The 2001 private landlords survey was conducted as part of the 2001 English House Condition Survey (EHCS). It involved a sample of 590 interviews with the owners or agents who manage dwellings identified as privately rented in the main EHCS. View at www.odpm.gov.uk.
650 ## - SUBJECT ADDED ENTRY--TOPICAL TERM
Topical term or geographic name entry element ENGLISH HOUSE CONDITION SURVEY 2001
650 ## - SUBJECT ADDED ENTRY--TOPICAL TERM
Topical term or geographic name entry element HOUSING STOCK
650 ## - SUBJECT ADDED ENTRY--TOPICAL TERM
Topical term or geographic name entry element HOUSING
650 ## - SUBJECT ADDED ENTRY--TOPICAL TERM
Topical term or geographic name entry element STATISTICS
650 ## - SUBJECT ADDED ENTRY--TOPICAL TERM
Topical term or geographic name entry element RENTED HOUSING
690 ## - LOCAL SUBJECT ADDED ENTRY--TOPICAL TERM (OCLC, RLIN)
Topical term or geographic name as entry element HOUSING
856 ## - ELECTRONIC LOCATION AND ACCESS
Uniform Resource Identifier <a href="https://www.communities.gov.uk/index.asp?id=1155503">https://www.communities.gov.uk/index.asp?id=1155503</a>
Public note View the survey (pdf ; 300Kb) on the ODPM website...
942 ## - ADDED ENTRY ELEMENTS (KOHA)
Suppress in OPAC 0
Holdings
Withdrawn status Lost status Source of classification or shelving scheme Damaged status Not for loan Home library Current library Shelving location Date acquired Cost, normal purchase price Total Checkouts Full call number Barcode Date last seen Copy number Cost, replacement price Price effective from Koha item type
    Dewey Decimal Classification     London London Folio 27/02/2004 28.00   306.1 OFF 30068675 06/08/2019 1 28.00 06/08/2019 Book
    Dewey Decimal Classification     Virtual Virtual Online 16/02/2004     ONLINE PUBLICATON 124580-2001 06/08/2019 1   06/08/2019 Book